00741nam a22001817a 450000500170000000800410001702000150005804100080007304400070008108200190008824500900010726000980019730000600029550001050035565000420046070000250050270000320052720140408020002.0140311b2002 sp ||||| |||| 00| 0 spa d a8480143711 aspa asp a598.246bM378i13aLa invernada de aves acuáticas en Españaceditado por R. Martí y Del Moral J.C. aMadrid, EspañabMinisterio de Medio AmbientebOrganismo Autónomo Parques Nacionalesc2002 a277 p + apéndicesbfot. (col), mapas, tablasc25 cm. aIncluye CD-Rom CID-059956 con base de datos 1990-2001 Base de datos de aves acuáticas invernantes. 6aAVes acuáticasxinvernadazEspaña1 aMartí, Ramóneed1 aMoral, Juan Carlos deleed.